|
|
|
|
| LEADER |
00000naa a2200000uu 4500 |
| 001 |
vtls011075866 |
| 003 |
SK-MaSNL |
| 005 |
20260302111626.0 |
| 008 |
210908|2007 xo |||||||||||||||||eng| |
| 015 |
|
|
|a SNBRA
|
| 035 |
|
|
|a (urnnbn)urn:nbn:sk:snk:ar-a0ceec
|
| 035 |
|
|
|a (uuid)6073a037-658e-4b76-a243-1c899bd808af
|
| 035 |
|
|
|a urn:nbn:sk:snk-aavkju
|
| 040 |
|
|
|a SNKBUCL
|b slo
|c SNKBUCL
|e AACR2
|
| 041 |
0 |
|
|a eng
|
| 044 |
|
|
|a xo
|c SK
|
| 100 |
1 |
|
|a Slodičák, Marian
|4 aut
|9 789342
|
| 245 |
1 |
0 |
|a EFFECT OF THINNING ON NORWAY SPRUCE AND EUROPEAN BEECH PROPORTION IN MIXED STANDS
|c Marian Slodičák, Jiří Novák, Jitka Mottlová
|
| 700 |
1 |
|
|a Novák, Jiří
|4 aut
|9 358612
|
| 700 |
1 |
|
|a Mottlová, Jitka
|4 aut
|9 789362
|
| 773 |
0 |
|
|t Management of forests in changing environmental conditions
|d In Zvolen : Technical University, 2007
|g S. 252-259
|z 9788022817790
|
| 958 |
|
|
|a OND
|
| 958 |
|
|
|a article12
|
| 958 |
|
|
|a chapter
|
| 999 |
|
|
|c 1248381
|d 1250311
|